| 000 | 00651nam a2200181 i 4500 | ||
|---|---|---|---|
| 001 | 60382 | ||
| 003 | ES-MaACL | ||
| 005 | 20230906164225.0 | ||
| 007 | t| | ||
| 008 | 031104s1946 sp ||||1| spa d | ||
| 100 | 1 |
_aEspurz Sánchez, Antonio. _947957 |
|
| 245 | 1 | 0 |
_aDiscurso leído en la solemne apertura del curso académico 1946-47 _b: [tema: descubrimientos de Física y sus aplicaciones] / _cpor Antonio Espurz Sánchez. |
| 260 |
_aOviedo : _b[s.n., _c1946] ( _f"La Cruz") |
||
| 300 |
_a74 p. ; _c24 cm. |
||
| 500 | _aPrecede al tít.: Universidad de Oviedo. | ||
| 710 | 2 |
_aUniversidad de Oviedo. _97260 |
|
| 852 |
_aES-MaACL _j1866-F-10 _bR.23382 |
||
| 999 |
_c60382 _d60382 |
||